[Event "zonal 3.2a"]
[Site "Yangon MYA"]
[Date "1998.12.10"]
[Round "3"]
[White "Dao Thien Hai"]
[Black "Villamayor, Buenaventura"]
[Result "1/2-1/2"]
[WhiteElo "2580"]
[BlackElo "2280"]
[EventDate "1998.12.??"]
[PlyCount "83"]

1.d4 d5 2.c4 c6 3.Nf3 Nf6 4.Nc3 e6 5.e3 Nbd7 6.Qc2 b6 7.b3 Bb7 8.Bb2 Rc8 
9.Bd3 c5 10.Qe2 Be7 11.O-O O-O 12.Rad1 Qc7 13.Ne5 cxd4 14.exd4 dxc4 15.
bxc4 Nxe5 16.dxe5 Nd7 17.Nb5 Qc6 18.Qg4 Rcd8 19.Be2 Nc5 20.Nd6 Bxd6 21.
exd6 f6 22.Bf3 Qd7 23.Bxb7 Qxb7 24.Ba3 Qd7 25.Bxc5 bxc5 26.Rfe1 Rfe8 27.
Rd2 Rc8 28.h3 Rc6 29.Red1 Rb8 30.Qg3 Rbb6 31.Kh2 e5 32.Qd3 Rxd6 33.Qxd6 
Rxd6 34.Rxd6 Qa4 35.Rd7 h5 36.Kg1 Qxa2 37.Rc7 Qxc4 38.Rdd7 Qc1+ 39.Kh2 
Qf4+ 40.Kg1 Qc1+ 41.Kh2 Qf4+ 42.Kg1 1/2-1/2

[Event "zonal 3.2a"]
[Site "Yangon MYA"]
[Date "1998.12.10"]
[Round "3"]
[White "De Guzman, Ricardo"]
[Black "Chan, Mark"]
[Result "1/2-1/2"]
[WhiteElo "2400"]
[BlackElo "2240"]
[EventDate "1998.12.??"]
[PlyCount "132"]

1.d4 Nf6 2.Nf3 e6 3.c4 d5 4.Nc3 Be7 5.Bg5 O-O 6.Qc2 c6 7.e3 Nbd7 8.Be2 Re8
9.O-O Nf8 10.a3 Ng6 11.Rfd1 Nd7 12.Bxe7 Qxe7 13.e4 dxe4 14.Nxe4 Nf6 15.Ne5
Nxe4 16.Qxe4 Bd7 17.Bd3 Rad8 18.b4 Bc8 19.g3 f5 20.Qe3 Nxe5 21.dxe5 b6 22.
c5 bxc5 23.bxc5 Rd5 24.Bc4 Rxc5 25.Rac1 Ra5 26.Rd6 Qc7 27.Rcd1 h6 28.h4 
Kh7 29.R1d3 Ra4 30.Qc5 Ra5 31.Qxc6 Qxc6 32.Rxc6 Rxe5 33.Rc7 Re1+ 34.Kh2 
Rc1 35.Rd6 Bb7 36.Rxb7 Rxc4 37.Rdd7 Rg4 38.f3 Rg6 39.h5 Rg5 40.f4 Rg4 41.
Re7 Rc8 42.Rb3 Rc6 43.Re3 a5 44.R7xe6 Rxe6 45.Rxe6 g5 46.hxg6+ Rxg6 47.Re5
Rf6 48.Rxa5 Kg6 49.Kh3 Rc6 50.a4 Rc2 51.Ra6+ Kg7 52.a5 Ra2 53.Ra8 Kh7 54.
g4 Ra3+ 55.Kh4 Ra4 56.g5 Rxf4+ 57.Kh5 hxg5 58.Ra7+ Kg8 59.Kg6 Kf8 60.Rf7+ 
Ke8 61.a6 Ra4 62.a7 g4 63.Rg7 g3 64.Rg8+ Kd7 65.Kxf5 g2 66.Rxg2 Kc6 
1/2-1/2

[Event "zonal 3.2a"]
[Site "Yangon MYA"]
[Date "1998.12.10"]
[Round "3"]
[White "Handoko, Edhi"]
[Black "Utut Adianto"]
[Result "0-1"]
[WhiteElo "2470"]
[BlackElo "2610"]
[EventDate "1998.12.??"]
[PlyCount "60"]

1.e4 c6 2.d4 d5 3.e5 Bf5 4.Nc3 e6 5.g4 Bg6 6.Nge2 c5 7.h4 h6 8.Nf4 Bh7 9.
g5 cxd4 10.Qxd4 Nc6 11.Bb5 Bxc2 12.g6 Ne7 13.h5 a6 14.Bxc6+ Nxc6 15.Qd2 
Bf5 16.gxf7+ Kxf7 17.Ng6 Rg8 18.O-O Bxg6 19.hxg6+ Kxg6 20.f4 Bc5+ 21.Kg2 
Ne7 22.Ne2 Nf5 23.Qd3 Qh4 24.Bd2 Kh7 25.Rf3 Qh5 26.Rh1 Qg6+ 27.Kf1 Rac8 
28.Ng1 Bxg1 29.Rxg1 Qe8 30.Rfg3 Qb5 0-1

[Event "zonal 3.2a"]
[Site "Yangon MYA"]
[Date "1998.12.10"]
[Round "3"]
[White "Mariano, Nelson"]
[Black "Myo Thant Khine"]
[Result "1-0"]
[WhiteElo "2435"]
[BlackElo "2320"]
[EventDate "1998.12.??"]
[PlyCount "83"]

1.e4 c5 2.Nf3 Nc6 3.d4 cxd4 4.Nxd4 Nf6 5.Nc3 d6 6.Bc4 Qb6 7.Nb3 e6 8.O-O 
Be7 9.Be2 O-O 10.Be3 Qc7 11.f4 a6 12.a4 b6 13.g4 d5 14.e5 Nd7 15.g5 Bb7 
16.Bf3 Rfd8 17.Ne2 Nc5 18.Nbd4 Ne4 19.Bg2 Nxd4 20.Nxd4 g6 21.Qg4 Bc5 22.c3
b5 23.Rf3 b4 24.cxb4 Bxb4 25.Rh3 Be7 26.Bf3 h5 27.gxh6 Kh7 28.Kh1 Qc4 29.
Bg1 Qb4 30.Qg2 Rab8 31.Bg4 Ba8 32.b3 Rbc8 33.f5 exf5 34.Bxf5 Rc3 35.Rf1 
Ng5 36.Rh5 Nf3 37.Rxf3 Rc1 38.Bxg6+ fxg6 39.Rf7+ Kh8 40.Qxg6 Rxg1+ 41.Qxg1
Rg8 42.Rg7 1-0

[Event "zonal 3.2a"]
[Site "Yangon MYA"]
[Date "1998.12.10"]
[Round "3"]
[White "Hafizulhelmi, Mas"]
[Black "Naing Lin Aung"]
[Result "1-0"]
[WhiteElo "2400"]
[BlackElo "2190"]
[EventDate "1998.12.??"]
[PlyCount "171"]

1.e4 c5 2.f4 d5 3.exd5 Nf6 4.Bb5+ Nbd7 5.c4 g6 6.Nf3 Bg7 7.O-O O-O 8.Nc3 
Nb6 9.d3 a6 10.Ba4 e6 11.Be3 Nxa4 12.Nxa4 b6 13.Qb3 Ng4 14.Bd2 Bd7 15.h3 
Nh6 16.Nxb6 Rb8 17.Ba5 exd5 18.cxd5 Nf5 19.Ne5 Bb5 20.Qa3 Qd6 21.Nbc4 Qxd5
22.Rac1 Rfc8 23.Rf2 h5 24.Nb6 Rxb6 25.Bxb6 Bf8 26.Qb3 Qb7 27.Ba5 Nd4 28.
Qd1 Re8 29.Bc3 Nf5 30.Qb3 Qa7 31.Nc4 Rd8 32.Bf6 Re8 33.a4 Bd7 34.Qb6 Qa8 
35.Qc7 Bxa4 36.Nb6 Qc6 37.Qxc6 Bxc6 38.Nc4 h4 39.Bc3 Rd8 40.Ne5 Bb5 41.Rf3
Bd6 42.Ng4 Kf8 43.Bf6 Re8 44.Be5 Be7 45.Rc3 Ng3 46.Re3 Nf5 47.Re1 Ra8 48.
Ne3 Nxe3 49.Rxe3 f6 50.Bc7 Rc8 51.Ba5 f5 52.Rc1 Bd6 53.Rf3 Bc6 54.Rf2 Bd7 
55.Kh1 Kf7 56.Kg1 Be6 57.Kf1 c4 58.d4 Rb8 59.Bc3 Bd5 60.Ra1 Rb6 61.Ba5 Rc6
62.Be1 Be4 63.Ra5 Rb6 64.Bc3 Bd3+ 65.Ke1 Be4 66.Ke2 Bd3+ 67.Ke3 Be4 68.Rd2
Bc6 69.d5 Bb5 70.Kf3 Rb7 71.Re2 Rd7 72.Re6 Be7 73.Ke2 Bd8 74.Raxa6 Bxa6 
75.Rxa6 Rxd5 76.Rc6 Rb5 77.Rxc4 Rb7 78.Rc6 g5 79.Rh6 Re7+ 80.Kf3 Re4 81.
Rh7+ Ke6 82.fxg5 Bxg5 83.Rh5 Re3+ 84.Kf2 Rg3 85.Kf1 f4 86.Be1 1-0

[Event "zonal 3.2a"]
[Site "Yangon MYA"]
[Date "1998.12.10"]
[Round "3"]
[White "Matsuo, Tomohiko"]
[Black "Zaw Oo"]
[Result "0-1"]
[WhiteElo "2205"]
[BlackElo "2340"]
[EventDate "1998.12.??"]
[PlyCount "92"]

1.e4 c5 2.Nf3 Nc6 3.d4 cxd4 4.Nxd4 Nf6 5.Nc3 d6 6.Bg5 e6 7.Qd2 a6 8.O-O-O 
Bd7 9.f4 h6 10.Bxf6 Qxf6 11.Nf3 g5 12.g3 g4 13.Nh4 Qd8 14.Bd3 Qa5 15.Rhe1 
O-O-O 16.Kb1 Kb8 17.Ng2 Nd4 18.Be2 Nxe2 19.Qxe2 Rg8 20.Rd2 Bc6 21.Red1 Be7
22.Qe3 Rd7 23.e5 Rgd8 24.exd6 Rxd6 25.Rxd6 Rxd6 26.Rxd6 Bxd6 27.Ne1 Qc5 
28.Nd1 Qd5 29.Kc1 Qxa2 30.Qd4 Qa1+ 31.Kd2 Qa5+ 32.Nc3 Qc5 33.Qh8+ Ka7 34.
Nd3 Qg1 35.Ne2 Qb6 36.Qxh6 Qa5+ 37.Nc3 Qf5 38.Qh8 Bc7 39.Ne2 Bf3 40.Nd4 
Qe4 41.c3 Bb6 42.Qe5 Qh7 43.Nxf3 gxf3 44.h4 Qg6 45.Qg5 Qe4 46.Qe5 Be3+ 0-1

[Event "zonal 3.2a"]
[Site "Yangon MYA"]
[Date "1998.12.10"]
[Round "3"]
[White "Myo Naing"]
[Black "Zaw Win Lay"]
[Result "0-1"]
[WhiteElo "2345"]
[BlackElo "2465"]
[EventDate "1998.12.??"]
[PlyCount "132"]

1.e4 c5 2.Nf3 d6 3.d4 cxd4 4.Nxd4 Nf6 5.Nc3 Nc6 6.Bg5 e6 7.Qd2 Be7 8.O-O-O
O-O 9.f4 h6 10.Bh4 e5 11.Nf5 Bxf5 12.exf5 exf4 13.Kb1 d5 14.Qxf4 d4 15.
Bxf6 Bxf6 16.Ne4 Be5 17.Qf3 Rc8 18.a3 b5 19.g4 b4 20.h4 bxa3 21.Qxa3 Qe7 
22.g5 Qxa3 23.bxa3 Ne7 24.f6 Nd5 25.fxg7 Kxg7 26.Bd3 Nc3+ 27.Nxc3 Rxc3 28.
Rdf1 Rxa3 29.Kc1 Ra1+ 30.Kd2 Bf4+ 31.Ke2 Re8+ 32.Kf3 Rxf1+ 33.Rxf1 hxg5 
34.hxg5 Bxg5 35.Rg1 Kf6 36.Ra1 Re7 37.Ra6+ Kg7 38.Rd6 Be3 39.Ra6 Bd2 40.
Kg4 Bc3 41.Kf5 Bb4 42.Be4 Bc5 43.Ra1 Bd6 44.Bd3 Re5+ 45.Kg4 a5 46.Bc4 Kg6 
47.Bd3+ f5+ 48.Kf3 Kf6 49.Rh1 Bb4 50.Rh6+ Kg5 51.Rh7 a4 52.Rg7+ Kf6 53.Rb7
Bc3 54.Bc4 Ra5 55.Rb6+ Kg5 56.Bf7 f4 57.Ke4 Kg4 58.Rg6+ Rg5 59.Rf6 Re5+ 
60.Kxe5 d3+ 61.Ke4 Bxf6 62.Kxd3 Kg3 63.Kc4 Be7 64.Kd3 f3 65.Bd5 a3 66.c3 
f2 0-1

[Event "zonal 3.2a"]
[Site "Yangon MYA"]
[Date "1998.12.10"]
[Round "3"]
[White "Nyi Nyi Zaw"]
[Black "Liu, Dede"]
[Result "1/2-1/2"]
[WhiteElo "2190"]
[BlackElo "2375"]
[EventDate "1998.12.??"]
[PlyCount "143"]

1.d4 d5 2.c4 c6 3.Nf3 e6 4.e3 Nf6 5.Nc3 Nbd7 6.Bd3 dxc4 7.Bxc4 b5 8.Bd3 
Bb7 9.O-O a6 10.Qe2 c5 11.Rd1 cxd4 12.Nxd4 Bc5 13.Nb3 Ba7 14.a3 Qc7 15.e4 
O-O 16.Bg5 Rac8 17.Bh4 e5 18.Rac1 Qb6 19.Nd2 Nc5 20.Bb1 Ne6 21.Nf3 Nf4 22.
Qe1 Qe6 23.Bg3 Rfe8 24.Rd2 N6h5 25.Rcd1 Qg4 26.Kh1 Nxg2 27.Qf1 Ngf4 28.Ng1
Bd4 29.Nce2 Nxe2 30.Qxe2 Nxg3+ 31.hxg3 Qxe2 32.Rxe2 f5 33.Ba2+ Kh8 34.Bd5 
Bxd5 35.exd5 Rcd8 36.Nf3 Kg8 37.Nxd4 exd4 38.Rxe8+ Rxe8 39.Rxd4 Kf7 40.Kg2
Re2 41.b3 Ke7 42.d6+ Kd7 43.a4 Re5 44.Kf3 Rc5 45.axb5 Rxb5 46.b4 g6 47.Rh4
Kxd6 48.Rxh7 Rb6 49.Rh4 Kc6 50.Rd4 Kb5 51.g4 Ka4 52.gxf5 gxf5 53.Rf4 Rb5 
54.Ke3 Kb3 55.Kd3 Rd5+ 56.Ke3 Kc3 57.f3 Re5+ 58.Kf2 Kd3 59.Rh4 Re6 60.Rf4 
Rf6 61.Rh4 f4 62.Rh8 Rb6 63.Ra8 Rh6 64.Rf8 Rh2+ 65.Kg1 Rh4 66.Kf2 Kc3 67.
Rf6 Rh2+ 68.Kg1 Rb2 69.Rxa6 Kd3 70.Re6 Rxb4 71.Kf2 Rb2+ 72.Ke1 1/2-1/2

[Event "zonal 3.2a"]
[Site "Yangon MYA"]
[Date "1998.12.10"]
[Round "3"]
[White "Roca, Petronio"]
[Black "Wong Zi Jing"]
[Result "1-0"]
[WhiteElo "2365"]
[BlackElo "2120"]
[EventDate "1998.12.??"]
[PlyCount "101"]

1.e4 c5 2.Nc3 d6 3.f4 g6 4.Nf3 Bg7 5.Bc4 e6 6.d4 cxd4 7.Nxd4 a6 8.O-O Qb6 
9.Be3 Qxb2 10.Ncb5 axb5 11.Nxb5 Qxa1 12.Qxd6 Qxf1+ 13.Kxf1 Na6 14.Qa3 Bf8 
15.Nd6+ Bxd6 16.Qxd6 Bd7 17.f5 gxf5 18.Bd4 f6 19.e5 h5 20.exf6 Rh7 21.Be2 
h4 22.f7+ Rxf7 23.Bh5 O-O-O 24.Be2 Ne7 25.Bb6 Nd5 26.Bxd8 Kxd8 27.Bxa6 
bxa6 28.Qxa6 Ke7 29.c4 Ne3+ 30.Kg1 f4 31.Qa3+ Ke8 32.Qa8+ Ke7 33.Qh8 Nf5 
34.Qe5 Rg7 35.Qxf4 Kf6 36.Qf3 Ke7 37.c5 Nd4 38.Qe4 Bc6 39.Qxh4+ Ke8 40.
Qxd4 Rxg2+ 41.Kf1 Rxh2 42.Qd6 Rh1+ 43.Kf2 Bd5 44.c6 Ra1 45.a3 Ra2+ 46.Ke3 
Kf7 47.c7 Bb7 48.Qf4+ Ke8 49.Qa4+ Kf7 50.Qb3 Bd5 51.Qxa2 1-0

[Event "zonal 3.2a"]
[Site "Yangon MYA"]
[Date "1998.12.10"]
[Round "3"]
[White "Sharavdorj, Dashzeveg"]
[Black "Antonio, Rogelio jr"]
[Result "1/2-1/2"]
[WhiteElo "2385"]
[BlackElo "2540"]
[EventDate "1998.12.??"]
[PlyCount "83"]

1.Nf3 Nf6 2.c4 e6 3.Nc3 Bb4 4.Qc2 O-O 5.a3 Bxc3 6.Qxc3 b6 7.b4 d6 8.Bb2 
Bb7 9.g3 Nbd7 10.Bg2 c5 11.O-O Qe7 12.d3 Rfc8 13.b5 d5 14.e4 dxc4 15.Qxc4 
a6 16.a4 Qf8 17.Nd2 axb5 18.Qxb5 Bc6 19.Qb3 Ra6 20.Ra3 Rca8 21.Rfa1 R8a7 
22.Bf3 Qa8 23.Bd1 Ne8 24.Nc4 Nc7 25.Bc2 b5 26.axb5 Nxb5 27.Rxa6 Rxa6 28.
Rxa6 Qxa6 29.Ne5 Nd4 30.Bxd4 cxd4 31.Nxd7 Bxd7 32.Qb8+ Qc8 33.Qa7 e5 34.
Bb3 g5 35.Bc4 Be6 36.Qe7 Bxc4 37.Qxg5+ Kf8 38.dxc4 Qxc4 39.Qd8+ Kg7 40.
Qg5+ Kf8 41.Qd8+ Kg7 42.Qg5+ 1/2-1/2

[Event "zonal 3.2a"]
[Site "Yangon MYA"]
[Date "1998.12.11"]
[Round "4"]
[White "Utut Adianto"]
[Black "Dao Thien Hai"]
[Result "1/2-1/2"]
[WhiteElo "2610"]
[BlackElo "2580"]
[EventDate "1998.12.??"]
[PlyCount "27"]

1.d4 Nf6 2.c4 e6 3.Nf3 b6 4.g3 Bb7 5.Bg2 Be7 6.O-O O-O 7.Nc3 Ne4 8.Nxe4 
Bxe4 9.Ne1 Bxg2 10.Nxg2 d5 11.Qa4 Qd7 12.Qxd7 Nxd7 13.cxd5 exd5 14.Nf4 
1/2-1/2

[Event "zonal 3.2a"]
[Site "Yangon MYA"]
[Date "1998.12.11"]
[Round "4"]
[White "Antonio, Rogelio jr"]
[Black "Roca, Petronio"]
[Result "0-1"]
[WhiteElo "2540"]
[BlackElo "2365"]
[EventDate "1998.12.??"]
[PlyCount "80"]

1.e4 d5 2.exd5 Qxd5 3.Nc3 Qa5 4.d4 c6 5.Bc4 Nf6 6.Qe2 Bf5 7.Bd2 Qc7 8.Nf3 
e6 9.Ne5 Nbd7 10.h3 Nxe5 11.dxe5 Nd7 12.O-O-O Qxe5 13.Qf3 O-O-O 14.Bg5 Re8
15.Rhe1 Qa5 16.Nb5 cxb5 17.Qxf5 Be7 18.Bxe6 fxe6 19.Qg4 Bxg5+ 20.Qxg5 Kb8 
21.Qxg7 Nb6 22.Rxe6 Rxe6 23.Qxh8+ Nc8 24.a3 Qc7 25.Rd3 Qf4+ 26.Kb1 Re1+ 
27.Ka2 Qc4+ 28.Rb3 a5 29.Qc3 Qf1 30.Qg3+ Ka7 31.Rd3 Nb6 32.Kb3 Re4 33.Ka2 
Re1 34.Kb3 Nd5 35.a4 Re4 36.c3 bxa4+ 37.Kc2 Re1 38.Qg4 Qxf2+ 39.Rd2 Ne3+ 
40.Kd3 Qf1+ 0-1

[Event "zonal 3.2a"]
[Site "Yangon MYA"]
[Date "1998.12.11"]
[Round "4"]
[White "Chan, Mark"]
[Black "Handoko, Edhi"]
[Result "0-1"]
[WhiteElo "2240"]
[BlackElo "2470"]
[EventDate "1998.12.??"]
[PlyCount "112"]

1.e4 e5 2.Nf3 Nf6 3.Nxe5 d6 4.Nf3 Nxe4 5.Qe2 Qe7 6.d3 Nf6 7.Bg5 Be6 8.Nc3 
h6 9.Bxf6 Qxf6 10.d4 Qe7 11.O-O-O d5 12.Re1 c6 13.Ne5 Nd7 14.f4 Nxe5 15.
Qxe5 Bd7 16.Bd3 Qxe5 17.fxe5 Bb4 18.Rhf1 Be6 19.a3 Bxc3 20.bxc3 g6 21.Kd2 
Kd7 22.Rf6 h5 23.Ref1 Ke7 24.h3 Rac8 25.Rb1 Rc7 26.Ke3 b6 27.h4 c5 28.Kd2 
Rhc8 29.Ba6 cxd4 30.Bxc8 dxc3+ 31.Kd3 Rxc8 32.Rb3 Bf5+ 33.Kd4 Rc4+ 34.Kxd5
Rg4 35.Rxf5 gxf5 36.g3 f4 37.gxf4 Rxf4 38.Rxc3 Kd7 39.Rg3 Rxh4 40.Rg7 Ke7 
41.Rh7 Ra4 42.Rxh5 Rxa3 43.c4 Ra5+ 44.Kd4 Ra1 45.Rh6 Rd1+ 46.Ke4 Rb1 47.
Rc6 a5 48.Kd5 Kd7 49.Rf6 Ke8 50.Kd4 a4 51.Kc3 a3 52.Rf2 Re1 53.Kb4 Re3 54.
Kb5 Rb3+ 55.Kc6 Ke7 56.Kd5 b5 0-1

[Event "zonal 3.2a"]
[Site "Yangon MYA"]
[Date "1998.12.11"]
[Round "4"]
[White "Kyaw Kyaw Soe"]
[Black "Lim Yee Weng"]
[Result "1-0"]
[WhiteElo "2310"]
[BlackElo "2140"]
[EventDate "1998.12.??"]
[PlyCount "65"]

1.d4 f5 2.e4 fxe4 3.Nc3 Nf6 4.Bg5 Nc6 5.d5 Ne5 6.Qd4 Nf7 7.Bxf6 exf6 8.
Nxe4 f5 9.Ng3 g6 10.O-O-O Bh6+ 11.f4 O-O 12.Nf3 Bg7 13.Qd2 b5 14.Nd4 Nd6 
15.h4 Qf6 16.c3 a5 17.Nxb5 a4 18.Na3 Ba6 19.h5 Rfb8 20.hxg6 hxg6 21.Qe3 
Bxf1 22.Rhxf1 Nb5 23.Nxb5 Rxb5 24.Ne2 Qd6 25.Rd2 Kf7 26.Qd3 Raa5 27.Rfd1 
a3 28.b3 Rxb3 29.axb3 a2 30.Kb2 Qa3+ 31.Ka1 Qxb3 32.Rb2 Bxc3 33.Nxc3 1-0

[Event "zonal 3.2a"]
[Site "Yangon MYA"]
[Date "1998.12.11"]
[Round "4"]
[White "Liu, Dede"]
[Black "Myint Han"]
[Result "1-0"]
[WhiteElo "2375"]
[BlackElo "2260"]
[EventDate "1998.12.??"]
[PlyCount "59"]

1.e4 c5 2.Nf3 e6 3.d4 cxd4 4.Nxd4 Qc7 5.Nc3 a6 6.Bd3 Nf6 7.O-O b5 8.Re1 d6
9.a4 b4 10.Nce2 Bb7 11.Ng3 Be7 12.Bd2 d5 13.e5 Nfd7 14.Nh5 Bf8 15.Qg4 g6 
16.Nxe6 fxe6 17.Qxe6+ Be7 18.Bxb4 Nc5 19.Bxc5 Qxc5 20.Nf6+ Kd8 21.Rad1 Qc8
22.Qf7 Nd7 23.Nxd5 Bc5 24.Nf6 Rf8 25.Qg7 Bc6 26.Be4 Ra7 27.e6 Bxe4 28.Nxe4
Be7 29.exd7 Rxd7 30.Nf6 1-0

[Event "zonal 3.2a"]
[Site "Yangon MYA"]
[Date "1998.12.11"]
[Round "4"]
[White "Myo Thant Khine"]
[Black "Wong Zi Jing"]
[Result "0-1"]
[WhiteElo "2320"]
[BlackElo "2120"]
[EventDate "1998.12.??"]
[PlyCount "188"]

1.e4 c5 2.Nf3 d6 3.d4 cxd4 4.Nxd4 Nf6 5.Nc3 a6 6.Bc4 e6 7.Bb3 Nbd7 8.f4 
Nc5 9.e5 Nfd7 10.f5 Nxe5 11.O-O Be7 12.fxe6 fxe6 13.Qh5+ Ng6 14.Be3 Bf6 
15.Rf3 Bxd4 16.Bxd4 Qh4 17.Qxh4 Nxh4 18.Rh3 Nxb3 19.axb3 Nf5 20.Bb6 Bd7 
21.Rd1 d5 22.g4 Nh6 23.g5 Nf5 24.g6 h6 25.Nxd5 exd5 26.Re1+ Kf8 27.Bc5+ 
Kg8 28.Re5 h5 29.Rxd5 Be8 30.Rxf5 Bd7 31.Rhxh5 Bxf5 32.Rxf5 Rh6 33.Rg5 Re8
34.Rg2 Re6 35.Rd2 Rhxg6+ 36.Kf2 Rg5 37.Bd6 Rf5+ 38.Kg2 Kf7 39.Bg3 Kg6 40.
b4 Rc6 41.c3 b5 42.Re2 Kf7 43.Kh3 Rf1 44.Kg2 Rb1 45.Kf3 Rf6+ 46.Kg2 Rff1 
47.Kh3 Ra1 48.Bf2 Rfd1 49.Kg2 Rd3 50.Be3 Rad1 51.Kf3 Rd6 52.Bd4 g6 53.Rf2 
Ke6 54.Ke4 Kd7 55.Rg2 Kc6 56.Kf3 Kd5 57.Ke2 Rb1 58.Kd3 Re6 59.Kc2 Rbe1 60.
Kb3 R1e2 61.Rg5+ Ke4 62.Rg4+ Kf3 63.Rh4 Rg2 64.Rh3+ Kg4 65.Rh6 Kf5 66.h4 
Ree2 67.c4 Re4 68.Bc3 Rxc4 69.h5 Rh4 70.Rxg6 Rxg6 71.hxg6 Kxg6 72.Kc2 Rh3 
73.Kd2 Kf5 74.Kc2 Ke4 75.Bg7 Kd5 76.b3 Ke4 77.Bf6 Ke3 78.Bg5+ Ke2 79.Bf6 
Rh7 80.Be5 Rh6 81.Bd4 Rc6+ 82.Bc5 Rc8 83.Kc3 Kd1 84.Kb2 Kd2 85.Be7 Rg8 86.
Bf6 Kd3 87.Be5 Rg2+ 88.Kc1 Rg4 89.Kb2 Rxb4 90.Ka3 Re4 91.Bc7 Kc2 92.b4 
Re3+ 93.Ka2 Kc3 94.Bd6 Kc4 0-1

[Event "zonal 3.2a"]
[Site "Yangon MYA"]
[Date "1998.12.11"]
[Round "4"]
[White "Naing Lin Aung"]
[Black "Matsuo, Tomohiko"]
[Result "1/2-1/2"]
[WhiteElo "2190"]
[BlackElo "2205"]
[EventDate "1998.12.??"]
[PlyCount "86"]

1.Nf3 Nf6 2.c4 g6 3.Nc3 Bg7 4.e4 d6 5.d4 O-O 6.Be2 c5 7.O-O cxd4 8.Nxd4 
Nc6 9.Be3 Nxd4 10.Bxd4 Be6 11.Rc1 Qa5 12.Qd2 Nxe4 13.Qe3 Nxc3 14.Rxc3 Rfd8
15.Bxg7 Kxg7 16.Rfc1 Qc5 17.Qf4 Qe5 18.Qxe5+ dxe5 19.Bf3 Rab8 20.b4 Rd2 
21.a3 b6 22.h4 f5 23.g3 Kf6 24.Bg2 Rbd8 25.c5 bxc5 26.bxc5 Rd1+ 27.Bf1 
Rxc1 28.Rxc1 Bd5 29.c6 Rc8 30.Rc5 Ke6 31.Bc4 Bxc4 32.Rxc4 Kd6 33.Ra4 Rc7 
34.Ra6 e4 35.Kf1 Kc5 36.a4 e5 37.Ra5+ Kb4 38.Rb5+ Kxa4 39.Rb7 Rxc6 40.
Rxa7+ Kb4 41.Rxh7 f4 42.gxf4 exf4 43.Re7 e3 1/2-1/2

[Event "zonal 3.2a"]
[Site "Yangon MYA"]
[Date "1998.12.11"]
[Round "4"]
[White "Nay Oo Kyaw Tun"]
[Black "Myo Naing"]
[Result "1/2-1/2"]
[WhiteElo "2395"]
[BlackElo "2345"]
[EventDate "1998.12.??"]
[PlyCount "58"]

1.e4 e6 2.d4 d5 3.Nd2 Nf6 4.e5 Nfd7 5.Bd3 c5 6.c3 Nc6 7.Ne2 cxd4 8.cxd4 f6
9.exf6 Qxf6 10.Nf3 h6 11.O-O Bd6 12.Ng3 O-O 13.Bb1 Rd8 14.Re1 Nf8 15.Ne5 
Bxe5 16.dxe5 Qh4 17.f4 Ne7 18.Rf1 Nf5 19.Ne2 Qh5 20.Bxf5 exf5 21.Nd4 Qxd1 
22.Rxd1 Bd7 23.Be3 Rac8 24.Rac1 a6 25.g3 g6 26.Nb3 Rxc1 27.Rxc1 Ne6 28.Bb6
Rc8 29.Rxc8+ Bxc8 1/2-1/2

[Event "zonal 3.2a"]
[Site "Yangon MYA"]
[Date "1998.12.11"]
[Round "4"]
[White "Nyi Nyi Zaw"]
[Black "Hafizulhelmi, Mas"]
[Result "1/2-1/2"]
[WhiteElo "2190"]
[BlackElo "2400"]
[EventDate "1998.12.??"]
[PlyCount "59"]

1.d4 d6 2.c4 e5 3.Nf3 e4 4.Nfd2 f5 5.e3 Nf6 6.Nc3 c6 7.Be2 Be7 8.O-O Be6 
9.f3 d5 10.f4 O-O 11.cxd5 cxd5 12.a3 Qc7 13.Nb3 Rc8 14.Bd2 b6 15.Rc1 Qb7 
16.Rf2 Nc6 17.h3 a6 18.Be1 Rc7 19.Bf1 Rac8 20.Rfc2 Nb8 21.Nb1 Ne8 22.Rxc7 
Rxc7 23.Rxc7 Qxc7 24.Qc1 Qxc1 25.Nxc1 Bd7 26.Nc3 Nc7 27.N1a2 Kf7 28.Be2 
Ke6 29.g3 g6 30.Kg2 1/2-1/2

[Event "zonal 3.2a"]
[Site "Yangon MYA"]
[Date "1998.12.11"]
[Round "4"]
[White "Villamayor, Buenaventura"]
[Black "Nadera, Barlo"]
[Result "1/2-1/2"]
[WhiteElo "2280"]
[BlackElo "2400"]
[EventDate "1998.12.??"]
[PlyCount "167"]

1.c4 e6 2.d4 d5 3.Nc3 Nf6 4.Bg5 c6 5.e3 Nbd7 6.Nf3 Bb4 7.cxd5 exd5 8.Qc2 
h6 9.Bh4 O-O 10.Bd3 Re8 11.O-O Bd6 12.Rfe1 Be7 13.Bg3 Nf8 14.h3 Bd6 15.Ne5
a6 16.f4 N6d7 17.Rad1 Nb6 18.Qb3 f6 19.Ng6 Be6 20.Nxf8 Kxf8 21.Bg6 Re7 22.
Qc2 Qc7 23.Bf2 Bf7 24.Bxf7 Kxf7 25.e4 dxe4 26.Qb3+ Kf8 27.Rxe4 Rae8 28.
Rxe7 Rxe7 29.g3 g5 30.d5 c5 31.Qc2 Kg7 32.Ne4 Nd7 33.b4 b6 34.bxc5 bxc5 
35.Qa4 gxf4 36.gxf4 f5 37.Ng3 Rf7 38.Qc2 Kg6 39.Qe2 Kh7 40.Qh5 Rf6 41.Re1 
Bf8 42.Qe8 Nb6 43.Re6 Qd7 44.Qb8 Rxe6 45.dxe6 Qd1+ 46.Kh2 Qd2 47.Qc7+ Kh8 
48.Qe5+ Kg8 49.Kg1 Qd1+ 50.Nf1 Qd5 51.Qf6 Bg7 52.Qf7+ Kh7 53.Ne3 Qxa2 54.
Qxf5+ Kg8 55.Qf7+ Kh8 56.f5 Qb1+ 57.Nf1 Nd5 58.Qe8+ Kh7 59.Qg6+ Kh8 60.
Qe8+ Kh7 61.Qg6+ Kh8 62.Bxc5 Qb5 63.Bf2 Ne7 64.Qf7 Nxf5 65.e7 Nd6 66.Qe6 
Ne8 67.Ng3 Bf6 68.Qf7 Qd7 69.Nf5 Bg7 70.Nh4 Qb5 71.Ng6+ Kh7 72.Nf4 Qg5+ 
73.Kh1 Nd6 74.h4 Qg4 75.Qf8 Ne4 76.Ng2 Qe6 77.e8=Q Nxf2+ 78.Kg1 Nh3+ 79.
Kh2 Be5+ 80.Kh1 Nf2+ 81.Kg1 Nh3+ 82.Kh1 Nf2+ 83.Kg1 Nh3+ 84.Kh1 1/2-1/2

[Event "zonal 3.2a"]
[Site "Yangon MYA"]
[Date "1998.12.11"]
[Round "4"]
[White "Watanabe, Akira"]
[Black "Sharavdorj, Dashzeveg"]
[Result "0-1"]
[WhiteElo "2350"]
[BlackElo "2385"]
[EventDate "1998.12.??"]
[PlyCount "72"]

1.d4 Nf6 2.c4 g6 3.Nc3 Bg7 4.e4 d6 5.Be2 O-O 6.Nf3 e5 7.Be3 c6 8.d5 cxd5 
9.cxd5 Ng4 10.Bg5 f6 11.Bh4 Na6 12.Nd2 Nh6 13.f3 Bd7 14.Rb1 Nf7 15.O-O Nc7
16.a4 Bh6 17.Nc4 Qe7 18.Qb3 Rfb8 19.a5 Bg5 20.Bf2 f5 21.Bxa7 Rxa7 22.Qb6 
Rba8 23.b4 Be8 24.Qf2 Qf8 25.b5 Qh6 26.Qb6 Bd8 27.Qf2 Rxa5 28.Nxa5 Rxa5 
29.exf5 Bg5 30.Nd1 Nxd5 31.Bc4 Ne3 32.Bxf7+ Bxf7 33.Re1 Nxf5 34.Qb6 Ra2 
35.Qxb7 Bf4 36.h3 Qxh3 0-1

[Event "zonal 3.2a"]
[Site "Yangon MYA"]
[Date "1998.12.11"]
[Round "4"]
[White "Zaw Oo"]
[Black "Mariano, Nelson"]
[Result "1-0"]
[WhiteElo "2340"]
[BlackElo "2435"]
[EventDate "1998.12.??"]
[PlyCount "73"]

1.e4 c5 2.Nf3 d6 3.d4 cxd4 4.Nxd4 a6 5.c4 b6 6.Nc3 Bb7 7.Be2 Nf6 8.f3 e6 
9.Be3 Be7 10.O-O Nbd7 11.Rc1 O-O 12.Qd2 Rc8 13.Rfd1 Qc7 14.Bf1 Qb8 15.Kh1 
Rfe8 16.Qf2 Bd8 17.b3 Bc7 18.Qh4 h6 19.Bd3 Ne5 20.Bb1 Ng6 21.Qh3 d5 22.
exd5 exd5 23.Nf5 Be5 24.Bxh6 gxh6 25.Qxh6 Nh7 26.Nxd5 Bxd5 27.Rxd5 Re6 28.
Re1 Ngf8 29.Qh5 Rce8 30.Nh6+ Rxh6 31.Qxh6 Bf4 32.Bxh7+ Nxh7 33.Rxe8+ Qxe8 
34.Qxb6 Qe2 35.Qg1 Qxa2 36.Qd1 Nf6 37.Rf5 1-0

[Event "zonal 3.2a"]
[Site "Yangon MYA"]
[Date "1998.12.11"]
[Round "4"]
[White "Zaw Win Lay"]
[Black "Dang Tat Thang"]
[Result "1/2-1/2"]
[WhiteElo "2465"]
[BlackElo "2245"]
[EventDate "1998.12.??"]
[PlyCount "66"]

1.e4 e5 2.Nf3 Nc6 3.Bb5 a6 4.Ba4 Nf6 5.O-O Be7 6.Re1 b5 7.Bb3 O-O 8.d4 
Nxd4 9.Bxf7+ Rxf7 10.Nxe5 Nc6 11.Nxf7 Kxf7 12.e5 Nxe5 13.Rxe5 d5 14.Re1 
Bg4 15.f3 Bf5 16.Be3 Bd6 17.Nd2 c5 18.c3 Qc7 19.Nf1 Rd8 20.Bf2 c4 21.Qd4 
Qc8 22.Rad1 Bc2 23.Rd2 Bd3 24.Rxd3 cxd3 25.Qxd3 Qc4 26.Qf5 Bc5 27.Qe6+ Kf8
28.Ne3 Qxa2 29.Ng4 Bxf2+ 30.Kxf2 Re8 31.Qd6+ Kf7 32.Rxe8 Nxg4+ 33.fxg4 
Kxe8 1/2-1/2

[Event "zonal 3.2a"]
[Site "Yangon MYA"]
[Date "1998.12.12"]
[Round "5"]
[White "Antonio, Rogelio jr"]
[Black "Zaw Oo"]
[Result "1-0"]
[WhiteElo "2540"]
[BlackElo "2340"]
[EventDate "1998.12.??"]
[PlyCount "55"]

1.e4 d6 2.d4 Nf6 3.Nc3 g6 4.Bg5 Bg7 5.f4 h6 6.Bxf6 Bxf6 7.Nf3 c6 8.e5 Bg7 
9.Bd3 Qb6 10.O-O Bg4 11.Kh1 O-O 12.Qe1 Bxf3 13.Rxf3 Qxd4 14.Rd1 dxe5 15.
Bxg6 Qb4 16.a3 Qxb2 17.Bd3 Nd7 18.Na4 Qa2 19.Qe4 f5 20.Bc4+ Kh8 21.Qe2 e4 
22.Rg3 Qa1 23.Rxa1 Bxa1 24.Be6 Rad8 25.c3 b5 26.Qh5 Rf6 27.Bxd7 Rd6 28.Nc5
1-0

[Event "zonal 3.2a"]
[Site "Yangon MYA"]
[Date "1998.12.12"]
[Round "5"]
[White "Aung Aung"]
[Black "Chan, Mark"]
[Result "1-0"]
[WhiteElo "2400"]
[BlackElo "2240"]
[EventDate "1998.12.??"]
[PlyCount "57"]

1.e4 d5 2.exd5 Qxd5 3.Nc3 Qa5 4.d4 Nf6 5.Nf3 c6 6.Bc4 Bf5 7.Bd2 e6 8.Qe2 
Bb4 9.O-O-O Bxc3 10.Bxc3 Qc7 11.Ne5 O-O 12.g4 Bg6 13.h4 b5 14.Bb3 a5 15.a4
Be4 16.g5 Bxh1 17.gxf6 Bd5 18.Rg1 g6 19.Qh5 Qd8 20.Nxg6 fxg6 21.Rxg6+ Kh8 
22.Qh6 Rf7 23.Rg7 Qg8 24.Rxg8+ Kxg8 25.axb5 Bxb3 26.cxb3 cxb5 27.Qg5+ Kf8 
28.d5 Ra6 29.Qg4 1-0

[Event "zonal 3.2a"]
[Site "Yangon MYA"]
[Date "1998.12.12"]
[Round "5"]
[White "Dang Tat Thang"]
[Black "Liu, Dede"]
[Result "0-1"]
[WhiteElo "2245"]
[BlackElo "2375"]
[EventDate "1998.12.??"]
[PlyCount "73"]

1.d4 d5 2.c4 dxc4 3.e4 Nf6 4.Nc3 e5 5.Nf3 exd4 6.Qxd4 Qxd4 7.Nxd4 Bc5 8.
Ndb5 Na6 9.Bxc4 c6 10.Na3 b5 11.Bd3 b4 12.Bxa6 Bxa6 13.Na4 Be7 14.Nc2 Nxe4
15.f3 Nf6 16.Be3 Bb5 17.Nc5 Nd5 18.Bd4 Nf4 19.g3 Bxc5 20.gxf4 Be7 21.Rg1 
c5 22.Bf2 O-O 23.O-O-O Rfd8 24.Rde1 Bd6 25.Bg3 Bd3 26.f5 Bf8 27.f6 g6 28.
Be5 a5 29.f4 c4 30.Rd1 b3 31.axb3 cxb3 32.Nd4 Rac8+ 33.Kd2 Bc2 34.Ra1 Bc5 
35.Ke3 Rxd4 36.Bxd4 Re8+ 37.Kf3 0-1